36 kế và đối kế 72 phép xử lý khó khăn trong kinh doanh và đời sống
Zapisane w:
| 1. autor: | |
|---|---|
| Format: | Książka |
| Język: | Undetermined |
| Wydane: |
Hà Nội
KHXH
2001
|
| Hasła przedmiotowe: | |
| Etykiety: |
Dodaj etykietę
Nie ma etykietki, Dołącz pierwszą etykiete!
|
| Thư viện lưu trữ: | Trung tâm Học liệu Trường Đại học Cần Thơ |
|---|
| LEADER | 00515nam a2200169Ia 4500 | ||
|---|---|---|---|
| 001 | CTU_47610 | ||
| 008 | 210402s9999 xx 000 0 und d | ||
| 082 | |a 658.47 | ||
| 082 | |b H125 | ||
| 100 | |a HẦU GIA | ||
| 245 | 0 | |a 36 kế và đối kế 72 phép xử lý khó khăn trong kinh doanh và đời sống | |
| 245 | 0 | |c HẦU GIA | |
| 260 | |a Hà Nội | ||
| 260 | |b KHXH | ||
| 260 | |c 2001 | ||
| 650 | |a business intelligence | ||
| 980 | |a Trung tâm Học liệu Trường Đại học Cần Thơ | ||